[Event "Santo Domingo U2000 op"]
[Site "Santo Domingo"]
[Date "2017.06.09"]
[Round "5"]
[White "Fulgencio Astacio, Pedro Radhames"]
[Black "Mendez Ramirez, Victor"]
[Result "0-1"]
[WhiteElo "1981"]
[BlackElo "1862"]
[PlyCount "86"]
[EventDate "2017.06.02"]
[EventType "swiss"]
[EventRounds "8"]
[EventCountry "DOM"]
[SourceTitle "CBM 178 Extra"]
[Source "ChessBase"]
[SourceDate "2017.06.22"]
[SourceVersion "1"]
[SourceVersionDate "2017.06.22"]
[SourceQuality "1"]

1. d4 Nf6 2. c4 e6 3. Nf3 d5 4. Bf4 Be7 5. e3 0-0 6. Bd3 c5 7. 0-0 Nc6 8. dxc5 Bxc5 9. Nc3 dxc4 10. Bxc4 Qe7 11. Na4 e5 12. Bg3 Bd6 13. Nc3 Bg4 14. h3 Bh5 15. Be2 Rfd8 16. Qa4 e4 17. Bxd6 Rxd6 18. Nd4 Nxd4 19. exd4 a6 20. Bxh5 Nxh5 21. Rfe1 f5 22. Kh1 Rad8 23. d5 Nf4 24. Qb4 Qd7 25. Rad1 Nxd5 26. Qb3 Kh8 27. Kg1 Nxc3 28. Rxd6 Qxd6 29. bxc3 b5 30. a4 Qd2 31. Rf1 bxa4 32. Qxa4 Qxc3 33. Qxa6 f4 34. Qb6 Qd2 35. Qb1 e3 36. fxe3 fxe3 37. Qe4 e2 38. Rb1 h6 39. h4 Qd1+ 40. Kf2 Rf8+ 41. Kg3 Qxb1 42. Qxb1 Rf1 43. Qd3 e1Q+ 0-1

[Event "Santo Domingo U2000 op"]
[Site "Santo Domingo"]
[Date "2017.06.04"]
[Round "4"]
[White "Montero Marcelle, Henry"]
[Black "Fulgencio Astacio, Pedro Radhames"]
[Result "0-1"]
[WhiteElo "1787"]
[BlackElo "1981"]
[PlyCount "110"]
[EventDate "2017.06.02"]
[EventType "swiss"]
[EventRounds "8"]
[EventCountry "DOM"]
[SourceTitle "CBM 178 Extra"]
[Source "ChessBase"]
[SourceDate "2017.06.22"]
[SourceVersion "1"]
[SourceVersionDate "2017.06.22"]
[SourceQuality "1"]

1. e4 d5 2. exd5 Qxd5 3. Nc3 Qa5 4. d4 c6 5. g3 Nf6 6. Bg2 Bf5 7. Nf3 e6 8. 0-0 Bb4 9. Bd2 0-0 10. a3 Bxc3 11. Bxc3 Qc7 12. b4 Nbd7 13. Bd2 b5 14. Bf4 Qb6 15. Ne5 Nxe5 16. Bxe5 Rfd8 17. Bxf6 gxf6 18. c3 Kg7 19. Qf3 Rac8 20. Ra2 a5 21. g4 Bg6 22. h4 h6 23. Re1 Qc7 24. Qe3 h5 25. g5 Qe7 26. Rae2 Rd7 27. f4 Qd6 28. gxf6+ Kxf6 29. Qe5+ Qxe5 30. Rxe5 axb4 31. axb4 Ra7 32. Rc5 Ra6 33. Bf3 Bf5 34. d5 Rg8+ 35. Kf2 exd5 36. Bxh5 Rh8 37. Bf3 Rxh4 38. Kg3 Rh3+ 39. Kf2 Ra2+ 40. Re2 Ra6 41. Kg2 Rh8 42. Kg3 Rg8+ 43. Kf2 Bd3 44. Rd2 Bc4 45. Be2 Bxe2 46. Rxe2 Rh8 47. Kg3 Rg8+ 48. Kf2 Rga8 49. Kf3 Rh8 50. Kg3 Rb6 51. Kg2 Ra6 52. Kg3 Rg8+ 53. Kf2 Kf5 54. Kf3 Kf6 55. Kf2 Rg4 0-1